000
00339nam a22001457a 4500
003
OSt
008
230221b |||||||| |||| 00| 0 eng d
041
_a
mal
082
_a
894.812 3
_b
PUS/KA
100
_a
Pushpan Thikkodi
_9
5372
245
_a
Kaliyan
_b
കലിയൻ
260
_a
Thiruvananthapuran
_c
2021
300
_a
200
942
_c
BK
999
_c
17615
_d
17615